[Event "Barranquilla Carnaval Cup"]
[Site "Barranquilla"]
[Date "2024.02.07"]
[Round "8"]
[White "Conto Garcia, Nicolas Alberto"]
[Black "Perez Pertuz, Carlos Mario"]
[Result "0-1"]
[WhiteElo "1516"]
[BlackElo "1775"]
[PlyCount "72"]
[EventDate "2024.02.03"]
[EventType "swiss"]
[EventRounds "9"]
[EventCountry "COL"]
[SourceTitle "CB07_2024"]
[SourceDate "2024.02.14"]
[SourceVersion "1"]
[SourceVersionDate "2024.02.14"]
[SourceQuality "1"]

1. d4 c5 2. e3 cxd4 3. exd4 d5 4. Nf3 Nf6 5. c3 Bg4 6. Bd3 e6 7. 0-0 Bd6 8. Qc2 0-0 9. Nbd2 Nc6 10. Re1 Rc8 11. Qb1 Qc7 12. h3 Bh5 13. Ng5 Bg6 14. Bxg6 hxg6 15. Ndf3 b5 16. Bd2 b4 17. Qd3 bxc3 18. Bxc3 Bf4 19. g3 Bxg5 20. Nxg5 Na5 21. Rac1 Nc4 22. b3 Nd6 23. Bb4 Qxc1 24. Rxc1 Rxc1+ 25. Kg2 Rc6 26. Bc5 Rfc8 27. Bxa7 Nfe4 28. Nxe4 Nxe4 29. Bc5 Nxc5 30. dxc5 Rxc5 31. b4 Rc2 32. Qa6 d4 33. b5 d3 34. b6 Rd8 35. b7 d2 36. Qe2 Rb2 0-1

[Event "Barranquilla Carnaval Cup"]
[Site "Barranquilla"]
[Date "2024.02.04"]
[Round "4"]
[White "Conto Garcia, Nicolas Alberto"]
[Black "Guzman Mellado, Arcadio"]
[Result "0-1"]
[WhiteElo "1516"]
[BlackElo "1868"]
[PlyCount "70"]
[EventDate "2024.02.03"]
[EventType "swiss"]
[EventRounds "9"]
[EventCountry "COL"]
[SourceTitle "CB07_2024"]
[SourceDate "2024.02.14"]
[SourceVersion "1"]
[SourceVersionDate "2024.02.14"]
[SourceQuality "1"]

1. e4 c5 2. Nf3 e6 3. d4 cxd4 4. Nxd4 Nc6 5. Nc3 Qc7 6. Ndb5 Qb8 7. Be3 a6 8. Nd4 Nf6 9. a4 Bb4 10. Bd3 0-0 11. 0-0 Ne5 12. Na2 Neg4 13. g3 Nxe3 14. fxe3 Be7 15. Qf3 b6 16. g4 Qe5 17. h4 Bb7 18. Nc3 h6 19. Nde2 b5 20. axb5 axb5 21. Rxa8 Bxa8 22. Ng3 b4 23. Nd1 d5 24. exd5 Nxd5 25. e4 Nf6 26. Re1 Nd7 27. h5 Qg5 28. Ne3 Ne5 29. Qe2 Bc5 30. Kg2 f5 31. gxf5 exf5 32. Nc4 Nxd3 33. cxd3 f4 34. Rf1 Qxg3+ 35. Kh1 Qh3+ 0-1

[Event "COL-ch"]
[Site "Cartagena"]
[Date "2023.06.11"]
[Round "8"]
[White "Conto Garcia, Nicolas Alberto"]
[Black "Pereira Vera, Henry Alberto"]
[Result "0-1"]
[WhiteElo "1500"]
[BlackElo "1783"]
[PlyCount "26"]
[EventDate "2023.06.08"]
[EventType "swiss"]
[EventRounds "9"]
[EventCountry "COL"]
[SourceTitle "CBM 215 Extra"]
[Source "ChessBase"]
[SourceDate "2023.09.30"]
[SourceVersion "1"]
[SourceVersionDate "2023.09.30"]
[SourceQuality "1"]

1. e4 d5 2. exd5 Qxd5 3. Nc3 Qd6 4. d4 Nf6 5. Nf3 c6 6. h3 g6 7. Be3 Bg7 8. Qd2 a5 9. a4 0-0 10. Bd3 Na6 11. Ne4 Nxe4 12. Bxe4 f5 13. Bf4 e5 0-1

[Event "COL-chT Rapid"]
[Site "Santa Marta"]
[Date "2022.11.04"]
[Round "4.4"]
[White "Conto Garcia, Nicolas Alberto"]
[Black "Cano Alcaraz, Juan Jose"]
[Result "0-1"]
[WhiteElo "1377"]
[BlackElo "1312"]
[PlyCount "106"]
[EventDate "2022.11.02"]
[EventType "team-swiss"]
[EventRounds "7"]
[EventCountry "COL"]
[SourceTitle "CBM 211 Extra"]
[Source "ChessBase"]
[SourceDate "2023.01.31"]
[SourceVersion "1"]
[SourceVersionDate "2023.01.31"]
[SourceQuality "1"]
[WhiteTeam "Magdalena"]
[BlackTeam "Risaralda"]
[WhiteTeamCountry "COL"]
[BlackTeamCountry "COL"]

1. e4 c5 2. Nc3 Nc6 3. g3 g6 4. Bg2 Bg7 5. Nge2 e6 6. 0-0 Nge7 7. d3 a6 8. Be3 d6 9. Qd2 h5 10. h4 Rb8 11. d4 cxd4 12. Nxd4 Ne5 13. Qe2 b5 14. Rad1 Nc4 15. Bc1 Qb6 16. Nf3 0-0 17. Nd2 Ne5 18. Kh1 N7c6 19. a3 Nc4 20. Qe1 a5 21. Qe2 Rd8 22. Qe1 Nxa3 23. bxa3 Bxc3 24. Qe3 Qxe3 25. fxe3 b4 26. Nb3 Ba6 27. Rf2 a4 28. Nd4 Ne5 29. Bf1 Ng4 30. Rf3 Bb7 31. Bd3 Ne5 32. Rf6 Nxd3 33. cxd3 b3 34. Rdf1 Rd7 35. R1f2 b2 36. Bxb2 Bxb2 37. Kh2 Bxa3 38. Nc2 Bb2 39. R6f3 Bg7 40. Na3 d5 41. exd5 Bxd5 42. e4 Bb3 43. Rf1 Rbd8 44. Nb5 e5 45. Rc1 Rxd3 46. Rff1 Rd2+ 47. Kg1 Bh6 48. Rc7 Be3+ 49. Kh1 Be6 50. Nc3 Bh3 51. Rfxf7 Bg2+ 52. Kh2 Bf3+ 53. Kh3 Bg4# 0-1

[Event "COL-chT"]
[Site "Santa Marta"]
[Date "2022.11.04"]
[Round "5.1"]
[White "Conto Garcia, Nicolas Alberto"]
[Black "Portnoy Cruz, Ivan Adolfo"]
[Result "1-0"]
[WhiteElo "1425"]
[BlackElo "2088"]
[PlyCount "46"]
[EventDate "2022.11.02"]
[EventType "team-swiss"]
[EventRounds "7"]
[EventCountry "COL"]
[SourceTitle "CBM 211 Extra"]
[Source "ChessBase"]
[SourceDate "2023.01.31"]
[SourceVersion "1"]
[SourceVersionDate "2023.01.31"]
[SourceQuality "1"]
[WhiteTeam "Magdalena"]
[BlackTeam "Cordoba"]
[WhiteTeamCountry "COL"]
[BlackTeamCountry "COL"]

1. e4 e5 2. Nf3 d6 3. Bc4 Bg4 4. d3 Nd7 5. Nbd2 Ngf6 6. Bb3 Nc5 7. h3 Nxb3 8. axb3 Bd7 9. Nf1 Be7 10. Be3 0-0 11. g4 Bc6 12. Ng3 Kh8 13. Nf5 Ng8 14. Qd2 g6 15. Nh6 f5 16. gxf5 gxf5 17. Rg1 Qe8 18. Nxf5 Rxf5 19. exf5 Bxf3 20. Bg5 Qf7 21. Qe3 Qxf5 22. Kd2 Rf8 23. Rg3 Bxg5 1-0

[Event "COL-chT"]
[Site "Bucaramanga"]
[Date "2022.09.09"]
[Round "6.1"]
[White "Conto Garcia, Nicolas Alberto"]
[Black "Marquez, Benjamin"]
[Result "1-0"]
[WhiteElo "1351"]
[BlackElo "1910"]
[PlyCount "61"]
[EventDate "2022.09.06"]
[EventType "team-swiss"]
[EventRounds "7"]
[EventCountry "COL"]
[SourceTitle "CBM 210 Extra"]
[Source "ChessBase"]
[SourceDate "2022.11.30"]
[SourceVersion "1"]
[SourceVersionDate "2022.11.30"]
[SourceQuality "1"]
[WhiteTeam "Magdalena"]
[BlackTeam "Santander Gladiatores"]
[WhiteTeamCountry "COL"]
[BlackTeamCountry "COL"]

1. e4 e5 2. Nf3 Nc6 3. Bc4 Nf6 4. d3 Bc5 5. Bb3 d6 6. Nbd2 0-0 7. c3 d5 8. Qe2 Re8 9. 0-0 a5 10. a4 Bg4 11. h3 Bh5 12. Re1 h6 13. Nf1 Qd7 14. Ng3 Bg6 15. Nh4 Bh7 16. Qf3 dxe4 17. dxe4 Be7 18. Rd1 Qc8 19. Nhf5 Bxf5 20. Nxf5 Nd8 21. Nxe7+ Rxe7 22. Bxh6 Nxe4 23. Bxg7 Kxg7 24. Qxe4 Ra6 25. Rd3 Rg6 26. Qh4 Nc6 27. Rg3 Rd7 28. Rxg6+ Kxg6 29. Bc2+ Kg7 30. Bf5 Qd8 31. Qg4+ 1-0

[Event "COL-chT"]
[Site "Bucaramanga"]
[Date "2022.09.06"]
[Round "1.1"]
[White "Sanchez, Sebastian Felipe"]
[Black "Conto Garcia, Nicolas Alberto"]
[Result "1-0"]
[WhiteElo "2442"]
[BlackElo "1351"]
[PlyCount "79"]
[EventDate "2022.09.06"]
[EventType "team-swiss"]
[EventRounds "7"]
[EventCountry "COL"]
[SourceTitle "CBM 210 Extra"]
[Source "ChessBase"]
[SourceDate "2022.11.30"]
[SourceVersion "1"]
[SourceVersionDate "2022.11.30"]
[SourceQuality "1"]
[WhiteTeam "Bolivar"]
[BlackTeam "Magdalena"]
[WhiteTeamCountry "COL"]
[BlackTeamCountry "COL"]

1. Nf3 Nf6 2. d4 d5 3. c4 b6 4. cxd5 Nxd5 5. e4 Nf6 6. Nc3 Bb7 7. Bb5+ c6 8. Bd3 e6 9. 0-0 Be7 10. Qc2 h6 11. Rd1 Nbd7 12. Qe2 Qc8 13. Bf4 0-0 14. Rac1 c5 15. b4 a5 16. bxc5 bxc5 17. Na4 Ba6 18. Nxc5 Bxc5 19. dxc5 Nxc5 20. Qe3 Nfd7 21. Bd6 Nxd3 22. Rxc8 Rfxc8 23. h3 Rc2 24. Rxd3 Bxd3 25. Qxd3 Rac8 26. Ne5 R8c3 27. Qd4 Nxe5 28. Bxe5 Rc4 29. Qd8+ Kh7 30. Qf8 f6 31. Bxf6 gxf6 32. Qf7+ Kh8 33. Qxf6+ Kh7 34. Qxe6 a4 35. Qf7+ Kh8 36. e5 Rc8 37. e6 Rxa2 38. e7 Ra1+ 39. Kh2 Re1 40. Qf8+ 1-0

[Event "COL-ch U20"]
[Site "Barranquilla"]
[Date "2022.07.09"]
[Round "7"]
[White "Conto Garcia, Nicolas Alberto"]
[Black "Carvajal Barreto, Johan Sebastian"]
[Result "1/2-1/2"]
[WhiteElo "1281"]
[BlackElo "1771"]
[PlyCount "102"]
[EventDate "2022.07.06"]
[EventType "swiss"]
[EventRounds "9"]
[EventCountry "COL"]
[SourceTitle "EXT 2023"]
[Source "ChessBase"]
[SourceDate "2022.10.05"]
[SourceVersion "1"]
[SourceVersionDate "2022.10.05"]
[SourceQuality "1"]

1. e4 d6 2. d4 Nf6 3. Nc3 Nbd7 4. Bc4 e5 5. Nf3 Be7 6. 0-0 h6 7. Be3 c6 8. Qd2 Qc7 9. Bd3 g5 10. Ne2 Nf8 11. dxe5 dxe5 12. Qc3 Ng6 13. Bc5 0-0 14. Bxe7 Qxe7 15. Nd2 Be6 16. Ng3 Rfe8 17. Nc4 Bd7 18. Ne3 Nh4 19. Rad1 Rac8 20. Be2 b5 21. h3 Kh7 22. Bg4 Bxg4 23. hxg4 Qe6 24. f3 Ng6 25. Nef5 Red8 26. Qc5 Rd7 27. Rxd7 Qxd7 28. Nd6 Rd8 29. Ngf5 Qc7 30. Kf2 Qb6 31. Qxb6 axb6 32. Rh1 Nh4 33. Ke2 Nxf5 34. Nxf5 Ng8 35. g3 Kg6 36. Rd1 Rxd1 37. Kxd1 h5 38. gxh5+ Kxh5 39. g4+ Kg6 40. Kd2 Kf6 41. Kd3 Ke6 42. c4 bxc4+ 43. Kxc4 Nf6 44. b4 Ne8 45. a4 Nd6+ 46. Nxd6 Kxd6 47. Kd3 Kc7 48. Kc3 Kd6 49. Kc4 f6 50. Kb3 Kc7 51. Kc3 b5 1/2-1/2

[Event "COL-ch U20"]
[Site "Barranquilla"]
[Date "2022.07.07"]
[Round "3"]
[White "Echeverry Betancur, Jorge Andres"]
[Black "Conto Garcia, Nicolas Alberto"]
[Result "0-1"]
[WhiteElo "1648"]
[BlackElo "1281"]
[PlyCount "56"]
[EventDate "2022.07.06"]
[EventType "swiss"]
[EventRounds "9"]
[EventCountry "COL"]
[SourceTitle "EXT 2023"]
[Source "ChessBase"]
[SourceDate "2022.10.05"]
[SourceVersion "1"]
[SourceVersionDate "2022.10.05"]
[SourceQuality "1"]

1. e4 e5 2. Nf3 Nc6 3. Bc4 Be7 4. 0-0 Nf6 5. Re1 0-0 6. d4 d6 7. Nc3 Bg4 8. Be3 Bxf3 9. gxf3 exd4 10. Bxd4 Nxd4 11. Qxd4 Nh5 12. e5 Bg5 13. Qg4 g6 14. e6 fxe6 15. Rxe6 Kh8 16. Rae1 Nf4 17. Nd5 Nxe6 18. Rxe6 Bf6 19. Nf4 Re8 20. Qh3 Rxe6 21. Bxe6 Bh4 22. Kf1 Qf6 23. Nd5 Qd8 24. Nxc7 Qxc7 25. Qxh4 Qg7 26. c3 Rf8 27. Ke2 Qf6 28. Qxf6+ Rxf6 0-1